| 000 | 00633nam a22002057a 4500 | ||
|---|---|---|---|
| 008 | 150708b xxu||||| |||| 00| 0 alb d | ||
| 020 | _a9786084503507 | ||
| 041 | 0 | _aalb | |
| 080 | _a341.242 | ||
| 100 | _aReka, Blerim ; Sela, Ylber ; | ||
| 245 |
_aHyrje në të drejtën e Unionit Evropian : _cBlerim Reka, Ylber Sela; |
||
| 250 | _a2nd Edition | ||
| 260 |
_aTetovë: _bUEJL ; _c2011. |
||
| 300 |
_a257 f.; _c24 cm. |
||
| 500 | _aParathënie e botimit te dytë: f. 9 | ||
| 650 | 0 | _aBashkimi Europian | |
| 650 | 0 | _aLigji | |
| 650 | 0 | _aLegjislacioni | |
| 942 |
_2udc _cBK |
||
| 999 |
_c1096 _d1096 |
||